Takamure Itsue to Yanagita Kunio : konsei no mondai o chūshin ni /
Saved in:
| Main Author: | |
|---|---|
| Format: | Book |
| Language: | Japanese |
| Published: |
Tōkyō :
Daiwa Shobō,
1977.
|
| Subjects: | |
| Tags: |
Add Tag
No Tags, Be the first to tag this record!
|
| LEADER | 00906cam a2200253Ii 4500 | ||
|---|---|---|---|
| 001 | 007721004-2 | ||
| 005 | 20020606104010.5 | ||
| 008 | 781020s1977 ja 000 0 jpn | ||
| 010 | |a 77816318 /J | ||
| 015 | |a Ja77-10055 | ||
| 035 | 0 | |a ocm04309615 | |
| 035 | 0 | |a ocm04309615 |z ocm33512781 | |
| 040 | |a DLC |c OSU |d OSU |d OCL |d YNH | ||
| 050 | 0 | |a HQ1762.T315 |b M87 | |
| 100 | 1 | |a Murakami, Nobuhiko, |d 1909- | |
| 245 | 1 | 0 | |a Takamure Itsue to Yanagita Kunio : |b konsei no mondai o chūshin ni / |c Murakami Nobuhiko. |
| 260 | |a Tōkyō : |b Daiwa Shobō, |c 1977. | ||
| 300 | |a 230 p. ; |c 20 cm. | ||
| 505 | 0 | |a Takamure Itsue to Yanagita Kunio -- Takamure Itsue to joseishigaku -- Hashimoto Kenzō to Takamure Itsue -- Joseishi kenkyū no kadai to tenbō. | |
| 600 | 1 | 0 | |a Takamure, Itsue, |d 1894-1964. |
| 600 | 1 | 0 | |a Yanagita, Kunio, |d 1875-1962. |
| 650 | 0 | |a Women |z Japan |x Social conditions. | |
| 988 | |a 20020608 | ||
| 906 | |0 DLC | ||


